Normal view
MARC view
- R . F. U .Henston
Entry Personal Name
001 - CONTROL NUMBER
- control field: 4592
003 - CONTROL NUMBER IDENTIFIER
- control field: OSt
005 - DATE AND TIME OF LATEST TRANSACTION
- control field: 20220619062825.0
008 - FIXED-LENGTH DATA ELEMENTS
- fixed length control field: 220619|| aca||aabn | a|a d
040 ## - CATALOGING SOURCE
- Original cataloging agency: OSt
- Transcribing agency: OSt
100 ## - HEADING--PERSONAL NAME
- Personal name: R . F. U .Henston
670 ## - SOURCE DATA FOUND
- Source citation: Work cat.: (OSt)1550: Heuston, R. F. V 4591, Salmond and Heuston on the Low of Torts/ , 1992
